| 000 | 00384nam a2200121Ia 4500 | ||
|---|---|---|---|
| 008 | 231129s2017||||xx |||||||||||||| ||spa|| | ||
| 040 | _bspa | ||
| 082 | _aCo863.08 M247m | ||
| 245 | 0 | _aMaletín de relatos pacíficos | |
| 260 | _c2017 | ||
| 264 | _aBogotá Colombia : Ministerio de Ambiente y Desarrollo Sostenible : Instituto Caro y Cuervo : Fondo de Acción | ||
| 942 |
_2ddc _cBKS |
||
| 999 |
_c20250 _d20250 |
||